000 00332pam a2200157a 44500
008 230405s2008 xxu||||| |||| 00| 0 eng d
041 _aENG
100 _aM K Rampal
245 _aService Marketing
250 _a1
260 _a
_bGalgotia
_c2008
300 _a615p,25cms
440 _a395
690 _aIMRDA
906 _a3966
999 _c256825
_d256825